Human rights and social justice in a global perspective : (Record no. 23918)
[ view plain ]
| 000 -LEADER | |
|---|---|
| fixed length control field | 01213cam a22002535a 4500 |
| 001 - CONTROL NUMBER | |
| control field | 17949785 |
| 005 - DATE AND TIME OF LATEST TRANSACTION | |
| control field | 20170112151802.0 |
| 008 - FIXED-LENGTH DATA ELEMENTS--GENERAL INFORMATION | |
| fixed length control field | 131121t2014 enk frb f001 0 eng d |
| 020 ## - INTERNATIONAL STANDARD BOOK NUMBER | |
| International Standard Book Number | 9780199989492 |
| 040 ## - CATALOGING SOURCE | |
| Original cataloging agency | DLC |
| Language of cataloging | eng |
| Transcribing agency | DLC |
| Modifying agency | DLC |
| -- | EG-ScBUE |
| 082 04 - DEWEY DECIMAL CLASSIFICATION NUMBER | |
| Edition number | 22 |
| Classification number | 361.3 |
| Item number | MAP |
| 100 1# - MAIN ENTRY--PERSONAL NAME | |
| Personal name | Mapp, Susan C. |
| 245 10 - TITLE STATEMENT | |
| Title | Human rights and social justice in a global perspective : |
| Remainder of title | an introduction to international social work / |
| Statement of responsibility, etc | Susan C. Mapp. |
| 250 ## - EDITION STATEMENT | |
| Edition statement | 2nd ed. |
| 260 ## - PUBLICATION, DISTRIBUTION, ETC. (IMPRINT) | |
| Place of publication, distribution, etc | Oxford ; |
| -- | New York : |
| Name of publisher, distributor, etc | Oxford University Press, |
| Date of publication, distribution, etc | c.2014. |
| 300 ## - PHYSICAL DESCRIPTION | |
| Extent | x, 342 p. ; |
| Dimensions | 24 cm. |
| 500 ## - GENERAL NOTE | |
| General note | Index : p. 341-342. |
| 504 ## - BIBLIOGRAPHY, ETC. NOTE | |
| Bibliography, etc | Bibliography : p. 281-339. |
| 505 0# - FORMATTED CONTENTS NOTE | |
| Formatted contents note | International social development -- Human rights -- Human trafficking -- International child welfare -- War and conflict -- Aids -- Issues particularly affecting women -- Social work and the physical environment -- Millennium development goals and beyond -- A call to action -- Appendix A: Universal declaration of human rights -- Appendix B: Opportunities in international social work. |
| 650 #0 - SUBJECT ADDED ENTRY--TOPICAL TERM | |
| Topical term or geographic name as entry element | Social service |
| General subdivision | International cooperation. |
| Source of heading or term | BUEsh |
| 650 #7 - SUBJECT ADDED ENTRY--TOPICAL TERM | |
| Topical term or geographic name as entry element | Human rights. |
| Source of heading or term | BUEsh |
| 9 (RLIN) | 11033 |
| 653 ## - INDEX TERM--UNCONTROLLED | |
| Resource For college | BAEPS, Political Science |
| Arrived date list | January2017 |
| 942 ## - ADDED ENTRY ELEMENTS (KOHA) | |
| Source of classification or shelving scheme | Dewey Decimal Classification |
| Withdrawn status | Item status | Source of classification or shelving scheme | Damaged status | Not for loan | Vendor | Home library | Current library | Shelving location | Date acquired | Source of acquisition | Cost, normal purchase price | Serial Enumeration / chronology | Total Checkouts | Total Renewals | Full call number | Barcode | Date last seen | Date last borrowed | Cost, replacement price | Koha item type |
|---|---|---|---|---|---|---|---|---|---|---|---|---|---|---|---|---|---|---|---|---|
| Dewey Decimal Classification | Academic Bookshop | Central Library | Central Library | First floor | 12/01/2017 | Purchase | 429.00 | 2000089 | 3 | 7 | 361.3 MAP | 000040924 | 15/07/2025 | 17/09/2024 | 536.25 | Book - Borrowing |